[Event "BL2 Sued 1112 (Women)"]
[Site "Germany"]
[Date "2012.02.11"]
[Round "6.5"]
[White "Nentwig, Nicole"]
[Black "Stegmaier, Erika"]
[Result "1-0"]
[WhiteElo "1889"]
[BlackElo "1614"]
[PlyCount "103"]
[EventDate "2011.10.29"]
[EventType "team-tourn"]
[EventRounds "7"]
[EventCountry "GER"]
[SourceTitle "EXT 2013"]
[Source "ChessBase"]
[SourceDate "2012.11.22"]
[SourceVersion "1"]
[SourceVersionDate "2012.11.22"]
[SourceQuality "1"]
[WhiteTeam "Augsburg (W)"]
[BlackTeam "Neuperlach (W)"]
[WhiteTeamCountry "GER"]
[BlackTeamCountry "GER"]

1. e4 c5 2. Nf3 Nc6 3. Bc4 e6 4. c3 Nf6 5. d3 a6 6. Bg5 Be7 7. 0-0 d6 8. Re1 0-0 9. Nbd2 b5 10. Bb3 Bb7 11. Nf1 h6 12. Bh4 Rc8 13. Bg3 e5 14. Ne3 Na5 15. Bc2 b4 16. Nf5 Nc6 17. Qd2 Nh5 18. Bd1 Nxg3 19. hxg3 Kh7 20. Kh2 Bf6 21. Rh1 Ne7 22. Nxe7 Qxe7 23. cxb4 cxb4 24. Qxb4 Rc7 25. Bb3 Rc5 26. Rhc1 Rfc8 27. Rxc5 Rxc5 28. Bc4 Qc7 29. Qb3 Kg8 30. Qa4 Qc8 31. b4 Rc7 32. b5 axb5 33. Qxb5 Bxe4 34. Bxf7+ Rxf7 35. dxe4 Rb7 36. Qd5+ Kh8 37. a4 Be7 38. a5 Rb2 39. a6 Rb8 40. a7 Ra8 41. Rc1 Qe8 42. Rc7 Bf8 43. Nh4 Kh7 44. Rf7 Qd8 45. Qb7 Qc8 46. Qd5 Qe8 47. Nf5 Qd8 48. Qb7 Rxa7 49. Qxa7 Qg5 50. Rxf8 Qh5+ 51. Nh4 Qg5 52. Qf7 1-0

[Event "BL2 Sued 1112 (Women)"]
[Site "Germany"]
[Date "2011.12.18"]
[Round "5.5"]
[White "Stegmaier, Erika"]
[Black "Staudacher, Ana"]
[Result "1/2-1/2"]
[WhiteElo "1614"]
[BlackElo "1786"]
[PlyCount "152"]
[EventDate "2011.10.29"]
[EventType "team-tourn"]
[EventRounds "7"]
[EventCountry "GER"]
[SourceTitle "EXT 2013"]
[Source "ChessBase"]
[SourceDate "2012.11.22"]
[SourceVersion "1"]
[SourceVersionDate "2012.11.22"]
[SourceQuality "1"]
[WhiteTeam "Neuperlach (W)"]
[BlackTeam "Bayern Muenchen (W)"]
[WhiteTeamCountry "GER"]
[BlackTeamCountry "GER"]

1. c4 e6 2. Nc3 d5 3. cxd5 exd5 4. d4 Nf6 5. g3 c6 6. Bg2 Be7 7. Nf3 Bf5 8. 0-0 Nbd7 9. Bf4 0-0 10. Rc1 Qb6 11. Na4 Qa6 12. a3 Rfe8 13. Re1 Ne4 14. Nc3 Bf8 15. Ng5 Nxc3 16. Rxc3 Nf6 17. Be5 Ng4 18. e4 dxe4 19. Bxe4 Bxe4 20. Rxe4 Nxe5 21. dxe5 h6 22. Nf3 Rad8 23. Qe1 Rd3 24. Re3 Rxc3 25. Rxc3 c5 26. Re3 b5 27. Qd2 Qc6 28. Nh4 c4 29. Qe2 Bc5 30. Re4 Qe6 31. Nf3 Rd8 32. a4 a6 33. axb5 axb5 34. h4 Rd3 35. Kh2 g6 36. Ne1 Rb3 37. Nf3 Rd3 38. Ne1 Rd4 39. Rxd4 Bxd4 40. Nf3 Bb6 41. Qd2 Kg7 42. Kg1 Qg4 43. Kg2 Qe6 44. Qf4 Ba7 45. Nd4 Qb6 46. Nc2 Bb8 47. Qe4 Qc5 48. f4 Ba7 49. Qe1 Qd5+ 50. Kh2 Qd3 51. Nb4 Qb3 52. Qd2 Qe3 53. Qxe3 Bxe3 54. Nc2 Bc1 55. Na3 Bxb2 56. Nxb5 c3 57. Nd4 Bc1 58. Kg2 Be3 59. Nc2 Bd2 60. Kf3 f5 61. Ke2 Kf7 62. Nd4 Ke7 63. Nb3 g5 64. hxg5 hxg5 65. Nxd2 cxd2 66. fxg5 d1Q+ 67. Kxd1 Ke6 68. g6 Ke7 69. Ke2 Kf8 70. Kf3 Kg7 71. Kf4 Kxg6 72. Ke3 Kf7 73. Kd4 Ke6 74. Ke3 Kxe5 75. Kf3 Kf6 76. Kf4 Kg6 1/2-1/2

[Event "Bayern-ch (Women) 82nd"]
[Site "Regensburg"]
[Date "2011.08.22"]
[Round "3"]
[White "Nietzer, Ingrid"]
[Black "Stegmaier, Erika"]
[Result "1/2-1/2"]
[WhiteElo "1237"]
[BlackElo "1387"]
[PlyCount "63"]
[EventDate "2011.08.20"]
[EventType "swiss"]
[EventRounds "9"]
[EventCountry "GER"]
[SourceTitle "EXT 2015"]
[Source "ChessBase"]
[SourceDate "2014.11.20"]
[SourceVersion "1"]
[SourceVersionDate "2014.11.20"]
[SourceQuality "1"]

1. e4 c5 2. Bc4 e6 3. Nc3 Nc6 4. Nf3 a6 5. a4 d6 6. 0-0 Nf6 7. d4 cxd4 8. Nxd4 Be7 9. Nxc6 bxc6 10. Re1 Qc7 11. Bf4 e5 12. Bg3 0-0 13. h3 Bb7 14. f4 exf4 15. Bxf4 Qb6+ 16. Kh1 Rad8 17. b3 Rfe8 18. Bd3 g6 19. e5 dxe5 20. Bxe5 c5 21. Qd2 Qc6 22. Re2 Qc8 23. Qh6 Bf8 24. Qh4 Nh5 25. Rf1 Be7 26. Qg4 Qxg4 27. hxg4 Ng7 28. Rfe1 Bh4 29. Rf1 Ne6 30. Ne4 Bxe4 31. Rxe4 Bg5 32. Bxa6 1/2-1/2

[Event "Bayern-ch (Women) 82nd"]
[Site "Regensburg"]
[Date "2011.08.21"]
[Round "2"]
[White "Lorenz, Oda"]
[Black "Stegmaier, Erika"]
[Result "1-0"]
[WhiteElo "1715"]
[BlackElo "1387"]
[PlyCount "79"]
[EventDate "2011.08.20"]
[EventType "swiss"]
[EventRounds "9"]
[EventCountry "GER"]
[SourceTitle "EXT 2015"]
[Source "ChessBase"]
[SourceDate "2014.11.20"]
[SourceVersion "1"]
[SourceVersionDate "2014.11.20"]
[SourceQuality "1"]

1. e4 c5 2. d4 cxd4 3. c3 dxc3 4. Nxc3 Nc6 5. Nf3 e6 6. Bc4 d6 7. 0-0 Nf6 8. Bg5 Be7 9. Bf4 0-0 10. Nb5 Nxe4 11. Qe2 Nf6 12. Rfd1 a6 13. Nxd6 Qb6 14. Bb3 Bd7 15. Rac1 Na5 16. Bc2 Rad8 17. a3 Bc6 18. Ng5 h6 19. Nxe6 fxe6 20. Qxe6+ Kh8 21. Qxe7 Bd5 22. Nf5 Rf7 23. Qe5 Qxf2+ 24. Kxf2 Ng4+ 25. Kg3 Nxe5 26. Bxe5 Nc6 27. Bc3 Nb8 28. Nxh6 Re7 29. Nf5 Rf7 30. Ne3 Rfd7 31. Rd4 Nc6 32. Rh4+ Kg8 33. Nxd5 Rxd5 34. Bb3 Ne7 35. Rf4 Kh8 36. Bxd5 Rxd5 37. Rcf1 Ng6 38. Rg4 Kh7 39. Rf7 Rd3+ 40. Kf2 1-0

[Event "Bayern-ch (Women) 81st"]
[Site "Bad Koenigshofen"]
[Date "2010.08.28"]
[Round "8"]
[White "Stegmaier, Erika"]
[Black "Schneider, Simone"]
[Result "0-1"]
[WhiteElo "1395"]
[BlackElo "1468"]
[PlyCount "82"]
[EventDate "2010.08.22"]
[EventType "swiss"]
[EventRounds "9"]
[EventCountry "GER"]
[SourceTitle "EXT 2015"]
[Source "ChessBase"]
[SourceDate "2014.11.20"]
[SourceVersion "1"]
[SourceVersionDate "2014.11.20"]
[SourceQuality "1"]

1. c4 Nf6 2. Nc3 g6 3. g3 Bg7 4. Bg2 0-0 5. d4 c6 6. Nf3 d5 7. cxd5 cxd5 8. 0-0 Nc6 9. e3 Bf5 10. a3 Rc8 11. Nh4 Be6 12. Bd2 Qd7 13. b4 g5 14. Nf3 h6 15. Rc1 Bg4 16. Qb3 Rfd8 17. Rfe1 Qf5 18. Qc2 Ne4 19. Nxe4 dxe4 20. Ne5 Nxe5 21. Qxe4 Qxe4 22. Bxe4 Bf3 23. dxe5 Bxe4 24. Rxc8 Rxc8 25. f4 f6 26. exf6 Bxf6 27. a4 Rc2 28. Bc1 Bc3 29. Rd1 Bf3 30. Rd8+ Kg7 31. Ba3 Ra2 32. Rd7 Kf6 33. fxg5+ hxg5 34. Bc1 Ra1 35. Kf2 Bc6 36. Rd1 Bxa4 37. Rf1 Ra2+ 38. Kg1+ Ke6 39. e4 Re2 40. Bxg5 Bd4+ 41. Kh1 Bc6 0-1

[Event "Bayern-ch (Women) 81st"]
[Site "Bad Koenigshofen"]
[Date "2010.08.24"]
[Round "3"]
[White "Stegmaier, Erika"]
[Black "Zwetz, Anita"]
[Result "0-1"]
[WhiteElo "1395"]
[BlackElo "1660"]
[PlyCount "148"]
[EventDate "2010.08.22"]
[EventType "swiss"]
[EventRounds "9"]
[EventCountry "GER"]
[SourceTitle "EXT 2015"]
[Source "ChessBase"]
[SourceDate "2014.11.20"]
[SourceVersion "1"]
[SourceVersionDate "2014.11.20"]
[SourceQuality "1"]

1. c4 e6 2. Nc3 d5 3. cxd5 exd5 4. d4 c6 5. g3 Bf5 6. Bg2 Nf6 7. e3 Bd6 8. Nf3 h6 9. 0-0 Nbd7 10. Nd2 0-0 11. Re1 Bb4 12. a3 Bxc3 13. bxc3 Ne4 14. Nxe4 dxe4 15. Rb1 Rb8 16. c4 Nf6 17. Bd2 Qd7 18. Bc3 Rfd8 19. Rb2 Bh3 20. Rd2 Bxg2 21. Kxg2 Qf5 22. d5 cxd5 23. Bxf6 Qxf6 24. cxd5 Rd6 25. Qg4 Qe5 26. Red1 Rbd8 27. f4 Qc3 28. Qe2 a6 29. a4 R8d7 30. Kf2 Qb3 31. Qh5 Qxa4 32. Qe5 b5 33. Rd4 Qc2+ 34. R1d2 Qb1 35. Rxe4 Qh1 36. Qf5 Qxh2+ 37. Ke1 Qxg3+ 38. Kd1 Qg6 39. Re8+ Kh7 40. Qe5 Rd8 41. Re7 Qg1+ 42. Ke2 Qg2+ 43. Ke1 Qh1+ 44. Ke2 Rxd5 45. Rxd5 Rxd5 46. Qe4+ Qxe4 47. Rxe4 Kg6 48. Re7 b4 49. e4 Rc5 50. Rb7 Rb5 51. Rd7 Rb6 52. Kd3 a5 53. Kc2 b3+ 54. Kb2 a4 55. Ra7 Rb4 56. Ra6+ Kh5 57. Ra5+ Kg4 58. Rf5 Rxe4 59. Rxf7 g6 60. Rf6 h5 61. Rxg6+ Kxf4 62. Rg2 Kf3 63. Rg8 Rg4 64. Rf8+ Kg2 65. Rd8 Rf4 66. Rg8+ Kf1 67. Rg3 h4 68. Rc3 Kg2 69. Rc8 Rg4 70. Rd8 Rf4 71. Rg8+ Kh2 72. Rg5 h3 73. Rg6 Rf2+ 74. Kb1 a3 0-1